Aviation Alphabet - Statistics

Statistiche generali
  • Questo quiz è stato fatto 15 volte
  • Il punteggio medio è 11 su 26
Statistiche sulle risposte
Alphabet Aviation Alphabet % Corretto
A Alpha
100%
C Charlie
100%
B Bravo
90%
D Delta
90%
H Hotel
60%
F Foxtrot
50%
I India
50%
X Xray
50%
E Echo
40%
L Lima
40%
T Tango
40%
Y Yankee
40%
Z Zulu
40%
G Golf
30%
K Kilo
30%
M Mike
30%
N November
30%
S Sierra
30%
W Whiskey
30%
J Juliett
20%
O Oscar
20%
R Romeo
20%
U Uniform
20%
P Papi
10%
Q Quebec
10%
V Victor
0%
Nessun quiz corrispondente trovato
Distribuzione punteggi
Percentuale di utenti per punteggio
Percentile per numero di risposta
I tuoi punteggi nel tempo
Non hai fatto questo quiz